000 00659nam a2200241 i 4500
001 C2-0077618
003 PPAK
005 20180727082731.0
008 970429s1985 enka|||| ||||| | eng d
020 _a0192714651
040 _aPPAK
_beng
_cPPAK
_erda
082 0 4 _a823
_223
090 0 0 _a823
_bMAC
_dK
100 1 _aMacaulay, Angus,
_eauthor
245 1 0 _aMy uncle had nothing to do with it
264 1 _aOxford :
_bOxford University Press ,
_c1985
300 _a128 pages :
_billustrations ;
_c18 cm
336 _2rdacontent
_atext
337 _2rdamedia
_aunmediated
338 _2rdacarrier
_avolume
650 1 0 _aEnglish fiction
942 _ddc
_cB
999 _c12586
_d12586